[Event "Memorial Kurnosova 2017"]
[Site "?"]
[Date "2017.09.12"]
[Round "11.7"]
[White "Yudin, Sergei"]
[Black "Ovetchkin, Roman"]
[Result "0-1"]
[LiveChessVersion "1.4.8"]
[BlackElo "2489"]
[WhiteElo "2610"]

1. e4 {[%clk 0:15:17]} c6 {[%clk 0:15:19]} 2. d4 {[%clk 0:15:14]} d5
{[%clk 0:15:27]} 3. exd5 {[%clk 0:15:22]} cxd5 {[%clk 0:15:36]} 4. Bd3
{[%clk 0:15:29]} Nc6 {[%clk 0:15:45]} 5. c3 {[%clk 0:15:38]} Qc7 {[%clk 0:15:54]}
6. Ne2 {[%clk 0:15:45]} Bg4 {[%clk 0:16:00]} 7. O-O {[%clk 0:15:35]} e6
{[%clk 0:15:56]} 8. Qe1 {[%clk 0:15:43]} Bxe2 {[%clk 0:16:05]} 9. Qxe2
{[%clk 0:15:50]} Nf6 {[%clk 0:16:13]} 10. Nd2 {[%clk 0:15:27]} Bd6
{[%clk 0:16:17]} 11. Nf3 {[%clk 0:15:34]} Bf4 {[%clk 0:14:15]} 12. Be3
{[%clk 0:14:45]} O-O {[%clk 0:13:50]} 13. Rae1 {[%clk 0:14:52]} Rab8
{[%clk 0:13:10]} 14. g3 {[%clk 0:11:59]} Bd6 {[%clk 0:09:24]} 15. Qc2
{[%clk 0:11:46]} Rfc8 {[%clk 0:09:06]} 16. Qb1 {[%clk 0:11:48]} b5
{[%clk 0:07:38]} 17. a3 {[%clk 0:11:07]} a5 {[%clk 0:07:46]} 18. Bg5
{[%clk 0:11:06]} b4 {[%clk 0:07:51]} 19. Bxf6 {[%clk 0:08:50]} gxf6
{[%clk 0:08:00]} 20. axb4 {[%clk 0:08:58]} axb4 {[%clk 0:08:08]} 21. Qc1
{[%clk 0:09:01]} Bf8 {[%clk 0:07:55]} 22. c4 {[%clk 0:08:00]} dxc4
{[%clk 0:07:20]} 23. Qxc4 {[%clk 0:08:06]} Ne7 {[%clk 0:06:59]} 24. Qb3
{[%clk 0:07:09]} Qd6 {[%clk 0:04:15]} 25. Ra1 {[%clk 0:06:46]} Qd5
{[%clk 0:04:10]} 26. Qxd5 {[%clk 0:06:52]} Nxd5 {[%clk 0:04:18]} 27. Rfc1
{[%clk 0:06:57]} b3 {[%clk 0:03:15]} 28. Bc4 {[%clk 0:05:27]} Bh6
{[%clk 0:03:15]} 0-1

[Event "Memorial Kurnosova 2017"]
[Site "?"]
[Date "2017.09.12"]
[Round "11.8"]
[White "Predke, Alexandr"]
[Black "Ulybin, Mikhail"]
[Result "1-0"]
[LiveChessVersion "1.4.8"]
[BlackElo "2477"]
[WhiteElo "2592"]

1. e4 {[%clk 0:15:12]} e6 {[%clk 0:15:15]} 2. d4 {[%clk 0:15:19]} d5
{[%clk 0:15:21]} 3. Nc3 {[%clk 0:15:26]} Nf6 {[%clk 0:15:22]} 4. e5
{[%clk 0:15:34]} Nfd7 {[%clk 0:15:28]} 5. f4 {[%clk 0:15:42]} c5 {[%clk 0:15:33]}
6. Nf3 {[%clk 0:15:49]} Nc6 {[%clk 0:15:38]} 7. Be3 {[%clk 0:15:54]} Be7
{[%clk 0:15:39]} 8. Qd2 {[%clk 0:16:01]} b6 {[%clk 0:15:29]} 9. Be2
{[%clk 0:14:17]} O-O {[%clk 0:15:12]} 10. h4 {[%clk 0:14:21]} f6 {[%clk 0:12:06]}
11. dxc5 {[%clk 0:13:37]} Bxc5 {[%clk 0:07:17]} 12. Nxd5 {[%clk 0:13:32]} fxe5
{[%clk 0:05:25]} 13. fxe5 {[%clk 0:13:14]} Bxe3 {[%clk 0:02:47]} 14. Nxe3
{[%clk 0:13:17]} Ndxe5 {[%clk 0:02:51]} 15. O-O-O {[%clk 0:12:23]} Qxd2+
{[%clk 0:01:12]} 16. Rxd2 {[%clk 0:12:27]} h6 {[%clk 0:01:07]} 17. Re1
{[%clk 0:10:53]} Bb7 {[%clk 0:00:23]} 18. Nc4 {[%clk 0:10:51]} Ng6
{[%clk 0:00:16]} 19. Nd6 {[%clk 0:10:20]} Rab8 {[%clk 0:00:16]} 20. Bc4
{[%clk 0:09:49]} Nd8 {[%clk 0:00:17]} 21. Ne5 {[%clk 0:07:16]} Nxe5
{[%clk 0:00:19]} 22. Rxe5 {[%clk 0:07:24]} Bc6 {[%clk 0:00:16]} 23. b3
{[%clk 0:06:26]} Rf4 {[%clk 0:00:19]} 24. g3 {[%clk 0:05:59]} Rf3
{[%clk 0:00:24]} 25. Nf5 {[%clk 0:05:50]} Kf8 {[%clk 0:00:13]} 26. Nd4
{[%clk 0:05:25]} Rxg3 {[%clk 0:00:13]} 27. Rf2+ {[%clk 0:04:54]} Ke8
{[%clk 0:00:13]} 28. Nxc6 {[%clk 0:04:20]} Nxc6 {[%clk 0:00:20]} 29. Rxe6+
{[%clk 0:04:28]} Ne7 {[%clk 0:00:15]} 30. Bb5+ {[%clk 0:04:37]} 1-0

[Event "Memorial Kurnosova 2017"]
[Site "?"]
[Date "2017.09.12"]
[Round "11.9"]
[White "Lugovskoy, Maxim"]
[Black "Smirnov, Pavel"]
[Result "1/2-1/2"]
[LiveChessVersion "1.4.8"]
[BlackElo "2588"]
[WhiteElo "2509"]

1. d4 {[%clk 0:15:18]} d5 {[%clk 0:15:10]} 2. Nc3 {[%clk 0:15:26]} Nf6
{[%clk 0:14:15]} 3. Bf4 {[%clk 0:15:34]} e6 {[%clk 0:14:10]} 4. Nb5
{[%clk 0:15:42]} Na6 {[%clk 0:14:17]} 5. e3 {[%clk 0:15:51]} Be7 {[%clk 0:14:00]}
6. Nf3 {[%clk 0:15:44]} O-O {[%clk 0:14:06]} 7. Nc3 {[%clk 0:14:28]} c5
{[%clk 0:14:09]} 8. Bxa6 {[%clk 0:14:35]} bxa6 {[%clk 0:14:18]} 9. O-O
{[%clk 0:14:39]} Bd7 {[%clk 0:14:10]} 10. Ne5 {[%clk 0:14:35]} Qa5
{[%clk 0:13:35]} 11. Bg5 {[%clk 0:14:27]} Rfd8 {[%clk 0:13:26]} 12. Ng4
{[%clk 0:12:47]} Rab8 {[%clk 0:13:36]} 13. Rb1 {[%clk 0:12:41]} Rdc8
{[%clk 0:12:26]} 14. Qf3 {[%clk 0:10:00]} Qd8 {[%clk 0:12:21]} 15. Ne5
{[%clk 0:09:42]} Be8 {[%clk 0:11:34]} 16. Rfd1 {[%clk 0:09:51]} cxd4
{[%clk 0:10:27]} 17. exd4 {[%clk 0:09:56]} Rb4 {[%clk 0:10:09]} 18. a3
{[%clk 0:09:44]} Rb7 {[%clk 0:09:25]} 19. h3 {[%clk 0:08:56]} a5 {[%clk 0:07:15]}
20. Qe2 {[%clk 0:08:44]} Rcb8 {[%clk 0:06:58]} 21. Rd3 {[%clk 0:07:27]} Rxb2
{[%clk 0:06:33]} 22. Rxb2 Rxb2 23. Rg3 {[%clk 0:07:33]} g6 {[%clk 0:05:41]} 24.
Rf3 {[%clk 0:07:20]} a4 {[%clk 0:03:33]} 25. Qa6 {[%clk 0:05:01]} Ne4
{[%clk 0:02:34]} 26. Bxe7 {[%clk 0:03:01]} Qxe7 {[%clk 0:02:43]} 27. Nxe4
{[%clk 0:01:32]} dxe4 {[%clk 0:02:51]} 28. Rc3 {[%clk 0:01:36]} Rb1+
{[%clk 0:02:34]} 29. Kh2 {[%clk 0:01:46]} Qf6 {[%clk 0:02:21]} 30. Qc8
{[%clk 0:01:37]} Qf4+ {[%clk 0:01:12]} 31. Rg3 {[%clk 0:01:46]} Qxf2
{[%clk 0:01:21]} 32. Qxe8+ {[%clk 0:01:47]} Kg7 {[%clk 0:01:30]} 33. Qxf7+
{[%clk 0:00:26]} Qxf7 {[%clk 0:01:37]} 34. Nxf7 {[%clk 0:00:35]} Kxf7
{[%clk 0:01:45]} 35. Rc3 {[%clk 0:00:34]} Ke7 {[%clk 0:01:12]} 36. Kg3
{[%clk 0:00:31]} Kd6 {[%clk 0:01:21]} 37. Rc4 {[%clk 0:00:26]} Rf1
{[%clk 0:01:25]} 38. Rc5 {[%clk 0:00:23]} Rf5 {[%clk 0:01:19]} 39. Rxf5
{[%clk 0:00:15]} exf5 {[%clk 0:00:24]} 40. c4 {[%clk 0:00:24]} g5
{[%clk 0:00:30]} 41. Kf2 {[%clk 0:00:28]} f4 {[%clk 0:00:28]} 42. g4
{[%clk 0:00:14]} Kc6 {[%clk 0:00:21]} 43. Ke2 {[%clk 0:00:23]} Kd6
{[%clk 0:00:25]} 44. Kf2 {[%clk 0:00:33]} Ke6 {[%clk 0:00:20]} 45. Ke2
{[%clk 0:00:41]} Kd6 1/2-1/2

[Event "Memorial Kurnosova 2017"]
[Site "?"]
[Date "2017.09.12"]
[Round "11.10"]
[White "Kostenko, Petr"]
[Black "Tregubov, Pavel V."]
[Result "1-0"]
[LiveChessVersion "1.4.8"]
[BlackElo "2578"]
[WhiteElo "2487"]

1. e4 {[%clk 0:15:16]} c5 {[%clk 0:15:18]} 2. Be2 {[%clk 0:14:59]} e6
{[%clk 0:14:51]} 3. f4 {[%clk 0:15:07]} d5 {[%clk 0:14:25]} 4. d3
{[%clk 0:15:15]} Nc6 {[%clk 0:14:26]} 5. Nf3 {[%clk 0:15:24]} g6 {[%clk 0:14:05]}
6. O-O {[%clk 0:14:15]} Nge7 {[%clk 0:14:03]} 7. c3 {[%clk 0:14:11]} Bg7
{[%clk 0:13:48]} 8. Kh1 {[%clk 0:13:55]} O-O {[%clk 0:13:43]} 9. Na3
{[%clk 0:13:26]} Rb8 {[%clk 0:13:08]} 10. Be3 {[%clk 0:10:54]} d4
{[%clk 0:12:45]} 11. Bd2 {[%clk 0:09:57]} b5 {[%clk 0:12:43]} 12. Nc2
{[%clk 0:09:18]} b4 {[%clk 0:11:58]} 13. cxd4 {[%clk 0:09:15]} cxd4
{[%clk 0:12:04]} 14. Rc1 {[%clk 0:08:53]} a5 {[%clk 0:09:08]} 15. Na1
{[%clk 0:09:01]} e5 {[%clk 0:08:48]} 16. Nb3 {[%clk 0:07:50]} Bg4
{[%clk 0:07:49]} 17. fxe5 {[%clk 0:06:59]} Bxf3 {[%clk 0:07:33]} 18. gxf3
{[%clk 0:07:07]} Nxe5 {[%clk 0:07:21]} 19. f4 {[%clk 0:07:16]} Nd7
{[%clk 0:07:20]} 20. Nc5 {[%clk 0:05:45]} Nxc5 {[%clk 0:07:24]} 21. Rxc5
{[%clk 0:05:54]} Qb6 {[%clk 0:07:19]} 22. Qc2 {[%clk 0:05:49]} Rfc8
{[%clk 0:06:41]} 23. Rc1 {[%clk 0:05:57]} Bh6 {[%clk 0:04:10]} 24. Bg4
{[%clk 0:05:04]} Rxc5 {[%clk 0:02:04]} 25. Qxc5 {[%clk 0:05:12]} Qf6
{[%clk 0:02:13]} 26. Rf1 {[%clk 0:03:40]} Qh4 {[%clk 0:01:38]} 27. Bd7
{[%clk 0:03:05]} Rd8 {[%clk 0:00:54]} 28. Qc7 {[%clk 0:02:46]} Nd5
{[%clk 0:00:58]} 29. exd5 {[%clk 0:02:46]} Qe7 {[%clk 0:01:07]} 30. Qxa5
{[%clk 0:02:21]} Qxd7 {[%clk 0:01:03]} 31. Bxb4 {[%clk 0:02:26]} Re8
{[%clk 0:00:58]} 32. f5 {[%clk 0:02:24]} Bf8 {[%clk 0:00:36]} 33. Bxf8
{[%clk 0:02:25]} Rxf8 {[%clk 0:00:37]} 34. Qc5 {[%clk 0:02:15]} Qa4
{[%clk 0:00:23]} 35. d6 {[%clk 0:02:00]} Qxa2 {[%clk 0:00:15]} 36. Qxd4
{[%clk 0:02:07]} Qa8+ {[%clk 0:00:20]} 37. Kg1 {[%clk 0:02:16]} Qc6
{[%clk 0:00:27]} 38. Qf6 {[%clk 0:01:52]} Qb6+ {[%clk 0:00:26]} 39. Kg2
{[%clk 0:01:53]} Qb7+ {[%clk 0:00:33]} 40. Kg3 {[%clk 0:01:46]} Qd5
{[%clk 0:00:41]} 41. Rf3 {[%clk 0:01:53]} Ra8 {[%clk 0:00:25]} 42. b4
{[%clk 0:01:43]} Ra6 {[%clk 0:00:14]} 43. Qd8+ {[%clk 0:00:58]} Kg7
{[%clk 0:00:23]} 44. d7 {[%clk 0:00:46]} Qd6+ {[%clk 0:00:21]} 45. Kh3
{[%clk 0:00:48]} Ra7 {[%clk 0:00:13]} 46. fxg6 {[%clk 0:00:46]} hxg6
{[%clk 0:00:13]} 47. Rxf7+ {[%clk 0:00:50]} Kxf7 {[%clk 0:00:17]} 48. Qe8+
{[%clk 0:00:59]} Kg7 {[%clk 0:00:23]} 49. d8=Q {[%clk 0:01:08]} 1-0